| 000 -CABECERA |
| Campo de control de longitud fija |
00943nam a2200265 4500 |
| 001 - NÚMERO DE CONTROL |
| Campo de control |
VA40800 |
| 003 - IDENTIFICADOR DEL NÚMERO DE CONTROL |
| Campo de control |
ES-SlBCS |
| 005 - FECHA Y HORA DE LA ÚLTIMA TRANSACCIÓN |
| Campo de control |
20210601154104.0 |
| 008 - CÓDIGOS DE INFORMACIÓN DE LONGITUD FIJA |
| Campo de control de longitud fija |
140520s1992 sp ||||| |||| 00| 0 spa d |
| 017 ## - NÚMERO DE COPYRIGHT O DE DEPÓSITO LEGAL |
| Número de copyright o de depósito legal |
M-7350-1992 |
| Agencia que asigna el número |
Oficina Depósito Legal de Madrid |
| 020 ## - NÚMERO INTERANCIONAL NORMALIZADO PARA LIBROS (ISBN) |
| Número Internacional Normalizado para Libros (ISBN) |
8420627003 |
| 040 ## - FUENTE DE LA CATALOGACIÓN |
| Centro catalogador del origen |
ES-SlBCS |
| Lengua de catalogación |
spa |
| Normas de descripción |
rdc |
| 041 ## - CÓDIGO DE LENGUA |
| Código de lengua del texto/banda sonora o título independiente |
spa |
| 100 1# - PUNTO DE ACCESO PRINCIPAL-NOMBRE DE PERSONA |
| Nombre de persona |
Kepler, Johannes |
| Fechas asociadas al nombre |
, 1571-1650 |
| 9 (RLIN) |
182256 |
| 240 10 - TÍTULO UNIFORME |
| Título uniforme |
<a href="Prodomus Dissertationum Cosmographicarum continens Mysterium Cosmographicum">Prodomus Dissertationum Cosmographicarum continens Mysterium Cosmographicum</a> |
| Versión |
Español |
| 245 13 - MENCIÓN DE TÍTULO |
| Título |
El secreto del universo |
| Mención de responsabilidad, etc. |
Joannes Kepler ; traducción, introducción y notas de Eloy Rada García |
| 260 ## - PUBLICACIÓN, DISTRIBUCIÓN, ETC... (PIE DE IMPRENTA) |
| Lugar de publicación, distribución, etc. |
Madrid : |
| Nombre del editor, distribuidor, etc. |
Alianza |
| Fecha de publicación, distribución, etc. |
, 1992 |
| 300 ## - DESCRIPCIÓN FÍSICA |
| Extensión |
281 p.; |
| Dimensiones |
20 cm |
| 490 0# - MENCIÓN DE SERIE |
| Mención de serie |
AU |
| Designación de volumen o secuencia |
700 |
| 504 ## - NOTA DE BIBLIOGRAFÍA, ETC. |
| Nota de bibliografía, etc. |
Bibliografía: p. 272-277 |
| 594 ## - NOTA AL TÍTULO Y MENCIÓN DE RESPONSABILIDAD |
| Nota general |
Título original: Prodomus Dissertationum Cosmographicarum continens Mysterium Cosmographicum |
| 650 ## - PUNTO DE ACCESO ADICIONAL DE MATERIA-TÉRMINO DE MATERIA |
| Término de materia o nombre geográfico como elemento inicial |
Universo |
| 9 (RLIN) |
100464 |
| 700 10 - PUNTO DE ACCESO ADICIONAL-NOMBRE DE PERSONA |
| Nombre de persona |
Rada García, Eloy |
| 9 (RLIN) |
80164 |
| 942 ## - ENTRADA DE ELEMENTOS AGREGADOS (KOHA) |
| Koha [por defecto] tipo de item |
Libros |
| Fuente de clasificaión o esquema |
|